<?xml version="1.0" encoding="UTF-8"?>
<record
    xmlns:xsi="http://www.w3.org/2001/XMLSchema-instance"
    xsi:schemaLocation="http://www.loc.gov/MARC21/slim http://www.loc.gov/standards/marcxml/schema/MARC21slim.xsd"
    xmlns="http://www.loc.gov/MARC21/slim">

  <leader>01172nam a22002655i 4500</leader>
  <controlfield tag="001">68454</controlfield>
  <controlfield tag="003">ES-MaACL</controlfield>
  <controlfield tag="005">20251012063044.0</controlfield>
  <controlfield tag="007">t|</controlfield>
  <controlfield tag="008">940301s1879    sp           ||||1| spa d</controlfield>
  <datafield tag="080" ind1=" " ind2=" ">
    <subfield code="a">341.44</subfield>
  </datafield>
  <datafield tag="100" ind1="1" ind2=" ">
    <subfield code="a">Garc&#xED;a Santisteban, Rafael, </subfield>
    <subfield code="d">1829-1893</subfield>
    <subfield code="9">140041</subfield>
  </datafield>
  <datafield tag="245" ind1="1" ind2="0">
    <subfield code="a">Manual pr&#xE1;ctico de extradiciones / </subfield>
    <subfield code="c">compilado y anotado por D. Rafael Garc&#xED;a y Santisteban.</subfield>
  </datafield>
  <datafield tag="260" ind1=" " ind2=" ">
    <subfield code="a">Madrid : </subfield>
    <subfield code="b">[s.n.], </subfield>
    <subfield code="c">1879 (</subfield>
    <subfield code="f">Tip. de G. Estrada)</subfield>
  </datafield>
  <datafield tag="300" ind1=" " ind2=" ">
    <subfield code="a">XXVIII, 213 p. ; </subfield>
    <subfield code="c">17 cm.</subfield>
  </datafield>
  <datafield tag="490" ind1="1" ind2=" ">
    <subfield code="a">Biblioteca enciclop&#xE9;dica popular ilustrada. Secci&#xF3;n 3&#xAA;. Conocimientos &#xFA;tiles</subfield>
  </datafield>
  <datafield tag="530" ind1=" " ind2=" ">
    <subfield code="a">Disponible en formato digital.</subfield>
  </datafield>
  <datafield tag="650" ind1=" " ind2="4">
    <subfield code="a">Extradici&#xF3;n.</subfield>
    <subfield code="9">140042</subfield>
  </datafield>
  <datafield tag="700" ind1="1" ind2=" ">
    <subfield code="a">Estrada, Gregorio.</subfield>
    <subfield code="9">126979</subfield>
  </datafield>
  <datafield tag="830" ind1="1" ind2=" ">
    <subfield code="a">Biblioteca enciclop&#xE9;dica popular ilustrada. Secci&#xF3;n 3&#xAA;. Conocimientos &#xFA;tiles</subfield>
    <subfield code="9">180990</subfield>
  </datafield>
  <datafield tag="852" ind1=" " ind2=" ">
    <subfield code="a">ES-MaACL</subfield>
    <subfield code="j">F-13577</subfield>
  </datafield>
  <datafield tag="856" ind1=" " ind2=" ">
    <subfield code="u">http://bvrajyl.rajyl.es/i18n/consulta/registro.cmd?id=9957 </subfield>
    <subfield code="z">Biblioteca Virtual de la Real Academia de Jurisprudencia y Legislaci&#xF3;n</subfield>
  </datafield>
  <datafield tag="856" ind1=" " ind2=" ">
    <subfield code="u">https://bibliotecadigital.jcyl.es/es/consulta/registro.do?id=23962</subfield>
    <subfield code="z">Biblioteca Digital de Castilla y Le&#xF3;n</subfield>
  </datafield>
  <datafield tag="999" ind1=" " ind2=" ">
    <subfield code="c">68454</subfield>
    <subfield code="d">68454</subfield>
  </datafield>
  <datafield tag="952" ind1=" " ind2=" ">
    <subfield code="0">0</subfield>
    <subfield code="1">0</subfield>
    <subfield code="4">0</subfield>
    <subfield code="7">0</subfield>
    <subfield code="8">Colecci&#xF3;n_digital</subfield>
    <subfield code="a">ATENEOM</subfield>
    <subfield code="b">ATENEOM</subfield>
    <subfield code="c">SPP2</subfield>
    <subfield code="d">2008-01-17</subfield>
    <subfield code="e">SC</subfield>
    <subfield code="l">0</subfield>
    <subfield code="o">F-13577</subfield>
    <subfield code="p">1071659</subfield>
    <subfield code="r">2023-02-23 00:00:00</subfield>
    <subfield code="w">2023-02-23</subfield>
    <subfield code="y">MONANT</subfield>
  </datafield>
</record>
